Artnet give up on paintings (Record no. 65820)
[ view plain ]
| 000 -LEADER | |
|---|---|
| fixed length control field | 00908cam a2200217 4500 |
| 001 - CONTROL NUMBER | |
| control field | WB3703-01 |
| 008 - FIXED-LENGTH DATA ELEMENTS--GENERAL INFORMATION | |
| fixed length control field | 000000n2001 000 0 eng u |
| 035 ## - SYSTEM CONTROL NUMBER | |
| System control number | (Sirsi) u110406 |
| 245 ## - TITLE STATEMENT | |
| Title | Artnet give up on paintings |
| 260 ## - PUBLICATION, DISTRIBUTION, ETC. | |
| Date of publication, distribution, etc. | 2001 |
| 490 ## - SERIES STATEMENT | |
| Series statement | Art Newspaper |
| Volume/sequential designation | 12(110) January 2001, 1(1) |
| 520 ## - SUMMARY, ETC. | |
| Summary, etc. | Online art auction site Artnet, has stopped trying to sell paintings online, and will concentrate on photography and prints. Buyers are unwilling to spend large amounts of money on works they have not examined in person. Discusses how the online art market has experienced this as a whole and is in the process of correcting itself. Online sales in photography and prints look set to grow. |
| 590 ## - LOCAL NOTE (RLIN) | |
| Local note | WB |
| 650 ## - SUBJECT ADDED ENTRY--TOPICAL TERM | |
| Topical term or geographic name entry element | E-COMMERCE |
| 650 ## - SUBJECT ADDED ENTRY--TOPICAL TERM | |
| Topical term or geographic name entry element | PHOTOGRAPHY |
| 650 ## - SUBJECT ADDED ENTRY--TOPICAL TERM | |
| Topical term or geographic name entry element | PAINTINGS |
| 650 ## - SUBJECT ADDED ENTRY--TOPICAL TERM | |
| Topical term or geographic name entry element | ONLINE AUCTIONS |
| 650 ## - SUBJECT ADDED ENTRY--TOPICAL TERM | |
| Topical term or geographic name entry element | INTERNET |
| 690 ## - LOCAL SUBJECT ADDED ENTRY--TOPICAL TERM (OCLC, RLIN) | |
| Topical term or geographic name as entry element | Arts and antiques |
| 9 (RLIN) | 6217 |
| 942 ## - ADDED ENTRY ELEMENTS (KOHA) | |
| Suppress in OPAC | 0 |
| Withdrawn status | Lost status | Source of classification or shelving scheme | Damaged status | Not for loan | Home library | Current library | Shelving location | Date acquired | Total Checkouts | Full call number | Barcode | Date last seen | Copy number | Price effective from | Koha item type |
|---|---|---|---|---|---|---|---|---|---|---|---|---|---|---|---|
| Dewey Decimal Classification | London | London | News article | 17/01/2001 | WB3703-01 | 110406-1001 | 06/08/2019 | 1 | 06/08/2019 | News article |